Juan Howard (Record no. 154217)

MARC details
000 -LEADER
campo de control de longitud fija 01039nam a2200241 i 4500
001 - NÚMERO DE CONTROL
campo de control 154217
003 - IDENTIFICADOR DE NÚMERO DE CONTROL
campo de control ES-MaACL
005 - FECHA Y HORA DE LA ÚLTIMA TRANSACCIÓN
campo de control 20250719062539.0
008 - DATOS DE LONGITUD FIJA--INFORMACIÓN GENERAL
campo de control de longitud fija 050711s1876 sp |||| |bspa d
100 1# - ENTRADA PRINCIPAL--NOMBRE DE PERSONA
Nombre de persona Galvete, Javier.
9 (RLIN) 53703
245 10 - MENCIÓN DEL TÍTULO
Título Juan Howard
Resto del título : apuntes biográficos /
Mención de responsabilidad, etc. por Javier Galvete.
260 ## - PUBLICACIÓN, DISTRIBUCIÓN, ETC.
Lugar de publicación, distribución, etc. Madrid :
Nombre del editor, distribuidor, etc. Librería nacional y extranjera,
Fecha de publicación, distribución, etc. 1876 (
Fabricante Imp. de M.G. Hernández)
300 ## - DESCRIPCIÓN FÍSICA
Extensión 29 p. ;
Dimensiones 22 cm.
594 ## - Nota al título y mención de responsabilidad
Nota al título y mención de responsabilidad Precede al tít.: La moralidad en nuestros tiempos, filántropos y reformadores.
600 17 - PUNTO DE ACCESO ADICIONAL DE MATERIA--NOMBRE DE PERSONA
Nombre de persona Howard, John,
Fechas asociadas al nombre 1726-1790
9 (RLIN) 166993
852 ## - LOCALIZACIÓN
Ubicación ES-MaACL
Número de control de estantería D-273(11)
Sublocalización o colección R.FOLL.12/11
Ubicación en estantería Sala Valle Inclán
itemnumber 159857
Donativo/Legado Donación: Francisco Lastres y Juiz
852 ## - LOCALIZACIÓN
Ubicación ES-MaACL
Número de control de estantería T-207-F-12
Nota libre - Enc. en un vol. facticio, falto de cub. original
852 ## - LOCALIZACIÓN
Ubicación ES-MaACL
Número de control de estantería T-376-F-19
Nota libre - Enc. en un vol. facticio, falto de cub. original
903 ## - NOMBRE PERSONAL DE DONANTE
a Lastres y Juiz, Francisco,
d 1848-1918
q 1
e Donante
9 70504
942 ## - ELEMENTOS DE ENTRADA SECUNDARIOS (KOHA)
Fuente del sistema de clasificación o colocación Clasificación decimal universal
Tipo de ítem Koha Folleto
Holdings
Estatus retirado Estado de pérdida Estado de daño No para préstamo Colección Biblioteca de origen Biblioteca actual Ubicación en estantería Fecha de adquisición Fuente de adquisición Total de préstamos Signatura topográfica completa Código de barras Visto por última vez Precio de reemplazo Tipo de ítem Koha Fuente del sistema de clasificación o colocación
        Colección de folletos Biblioteca del Ateneo de Madrid Biblioteca del Ateneo de Madrid Depósito folletos 30/06/2016     T-376-F-19 1195542 23/02/2023 23/02/2023 Folleto  
        Colección de folletos Biblioteca del Ateneo de Madrid Biblioteca del Ateneo de Madrid Sala Valle Inclán 17/01/2008 Donación   D-273(11) 901161258 23/02/2023 23/02/2023 Folleto Clasificación decimal universal
        Colección de folletos Biblioteca del Ateneo de Madrid Biblioteca del Ateneo de Madrid Depósito folletos 29/04/2016     T-207-F-12 1195189 23/02/2023 23/02/2023 Folleto